C & Data Structures (Record no. 5642)

MARC details
000 -LEADER
fixed length control field 00423nam a2200169Ia 4500
008 - FIXED-LENGTH DATA ELEMENTS--GENERAL INFORMATION
fixed length control field 221030s9999 xx 000 0 und d
020 ## - INTERNATIONAL STANDARD BOOK NUMBER
ISBN 8122774247
041 ## - LANGUAGE CODE
Language code of text/sound track or separate title
082 ## - DEWEY DECIMAL CLASSIFICATION NUMBER
Classification number 105.23
100 ## - MAIN ENTRY--AUTHOR NAME
Personal name P. S. Deshpande
245 #0 - TITLE STATEMENT
Title C & Data Structures
Statement of responsibility, etc by P. S. Deshpande, O. G. Kakde
260 ## - PUBLICATION, DISTRIBUTION, ETC. (IMPRINT)
Name of publisher Dreamtech Press
Place of publication New Delhi
Year of publication 2007
300 ## - PHYSICAL DESCRIPTION
Number of Pages 700
650 ## - SUBJECT ADDED ENTRY--TOPICAL TERM
Topical Term Computers
700 ## - ADDED ENTRY--PERSONAL NAME
Personal name O. G. Kakde
942 ## - ADDED ENTRY ELEMENTS (KOHA)
Koha item type Books
Holdings
Accession Number Cost, normal purchase price Full call number Price effective from Koha item type Withdrawn / writtenoff status Materials specified (bound volume or other part) Damaged status Not for loan Permanent Location Current Location Shelving location Date acquired Lost/ Missing status department
M 1596 279.00 105.23 10/30/2022 Books   Print     MIET Library, Jammu MIET Library, Jammu BL-Academic Block- B, FL-2, CUP-98, SH-6, R-6 04/11/2008   MCA
M 1592 279.00 105.23 10/30/2022 Books   Print     MIET Library, Jammu MIET Library, Jammu BL-Second, FL-1, CUP-25, SH-3, R-3 04/11/2008   MCA
M 1593 279.00 105.23 10/30/2022 Books   Print     MIET Library, Jammu MIET Library, Jammu BL-Academic Block- B, FL-1, CUP-98, SH-6, R-6 04/11/2008   MCA
M 1594 279.00 105.23 10/30/2022 Books   Print     MIET Library, Jammu MIET Library, Jammu BL-Academic Block- B, FL-1, CUP-98, SH-6, R-6 04/11/2008   MCA
M 1595 279.00 105.23 10/30/2022 Books   Print     MIET Library, Jammu MIET Library, Jammu BL-Academic Block- B, FL-1, CUP-98, SH-6, R-6 04/11/2008   MCA